Most Exclusive economic zone (EEZ) area owned by country citizens - Statistics

General Stats
  • This quiz has been taken 14 times
  • The average score is 16 of 20
Answer Stats
Hint Answer % Correct
25.7 Nauru
93%
1.2 Antigua and Barbuda
86%
1.6 Bahamas
86%
1.4 Fiji
86%
25.1 Kiribati
86%
55.3 Marshall Islands
86%
1.3 New Zealand
86%
33.6 Palau
86%
1.9 Solomon Islands
86%
6.3 Tonga
86%
0.7 Barbados
79%
26.3 Federated States of Micronesia
79%
1.7 Maldives
79%
10.0 Seychelles
79%
83.3 Tuvalu
79%
1.0 Mauritius
71%
1.5 Cape Verde
64%
0.7 São Tomé and Príncipe
64%
2.0 Vanuatu
64%
1.9 Iceland
57%
No matching quizzes found
Score Distribution
Percent of People with Each Score
Percentile by Number Answered
Your Score History
You have not taken this quiz